Fifa 21 Top 100 Bundesliga Players - Statistics

General Stats
  • This quiz has been taken 210 times
  • The average score is 55 of 100
Answer Stats
Rating Team Nation Player % Correct
91 Bayern Munich Poland Robert Lewandowski
99%
89 Bayern Munich Germany Manuel Neuer
97%
88 Bayern Munich Germany Joshua Kimmich
94%
86 Bayern Munich Germany Thomas Muller
94%
87 Borussia Dortmund England Jadon Sancho
93%
85 Borussia Dortmund Germany Marco Reus
93%
85 Bayern Munich Germany Leroy Sane
89%
86 Borussia Dortmund Germany Mats Hummels
89%
79 FC Schalke 04 Senegal Salif Sane
89%
85 Bayern Munich Germany Serge Gnabry
89%
86 Borussia Monchengladbach Switzerland Yann Sommer
88%
84 Bayern Munich Austria David Alaba
86%
84 Bayern Munich France Kingsley Coman
84%
84 Bayern Munich Germany Leon Goretzka
83%
85 RB Leipzig Hungary Peter Gulacsi
81%
83 Borussia Dortmund Belgium Thorgan Hazard
77%
81 Bayern Munich Canada Alphonso Davies
76%
84 Borussia Dortmund Belgium Axel Witsel
76%
84 Bayern Munich Germany Niklas Sule
75%
84 Borussia Dortmund Portugal Raphael Guerreiro
75%
84 Borussia Dortmund Switzerland Roman Burki
74%
79 RB Leipzig France Dayot Upamecano
73%
84 Borussia Dortmund Norway Erling Haland
73%
82 Bayern Munich Germany Jerome Boateng
71%
82 Bayern Munich France Lucas Hernandez
69%
83 RB Leipzig Austria Marcel Sabitzer
69%
82 TSG Hoffenheim Croatia Andrej Kramaric
68%
81 Bayern Munich France Benjamin Pavard
68%
84 Bayern Munich Brazil Douglas Costa
68%
78 Eintracht Frankfurt Germany Danny Da Costa
66%
83 Eintracht Frankfurt Serbia Filip Kostic
66%
83 Bayer Leverkusen Finland Lukas Hradecky
66%
80 Bayern Munich France Corentin Tolisso
64%
83 Eintracht Frankfurt Germany Kevin Trapp
64%
84 Borussia Dortmund Germany Julian Brandt
63%
83 Bayer Leverkusen Chile Charles Aranguiz
62%
83 VFL Wolfsburg Belgium Koen Casteels
61%
81 Borussia Dortmund Denmark Thomas Delaney
61%
79 RB Leipzig Spain Dani Olmo
59%
82 RB Leipzig Austria Konrad Laimer
59%
81 Borussia Dortmund Belgium Thomas Meunier
59%
79 RB Leipzig Sweden Emil Forsberg
58%
80 Borussia Monchengladbach France Marcus Thuram
58%
79 RB Leipzig Hungary Willi Orban
58%
81 Bayern Munich Spain Javi Martinez
56%
80 Bayer Leverkusen Jamaica Leon Bailey
56%
81 Bayer Leverkusen France Moussa Diaby
56%
81 VFL Wolfsburg Netherlands Wout Weghorst
56%
80 Borussia Monchengladbach France Alassane Plea
54%
82 Werder Bremen Czech Republic Jiri Pavlenka
54%
81 RB Leipzig Slovenia Kevin Kampl
54%
82 Borussia Monchengladbach Germany Matthias Ginter
54%
78 RB Leipzig Denmark Yussuf Poulsen
54%
80 RB Leipzig France Christopher Nkunku
53%
78 Borussia Dortmund Switzerland Manuel Akanji
53%
83 Borussia Monchengladbach Switzerland Denis Zakaria
52%
79 Eintracht Frankfurt Portugal Andre Silva
50%
82 TSG Hoffenheim Germany Oliver Baumann
50%
80 Borussia Monchengladbach Austria Stefan Lainer
50%
80 RB Leipzig Germany Lukas Klostermann
49%
81 Union Berlin Germany Max Kruse
49%
78 Bayer Leverkusen Czech Republic Patrik Schick
49%
80 RB Leipzig France Nordi Mukiele
47%
80 RB Leipzig Spain Angelino
46%
78 Bayer Leverkusen Burkina Faso Edmond Tapsoba
46%
78 RB Leipzig France Ibrahima Konate
46%
79 Werder Bremen Kosovo Milot Rashica
46%
80 Borussia Monchengladbach Germany Lars Stindl
45%
79 Bayer Leverkusen Germany Jonathan Tah
44%
82 RB Leipzig Germany Marcel Halstenberg
44%
82 Borussia Dortmund Germany Emre Can
43%
82 Bayer Leverkusen Germany Lars Bender
43%
80 Borussia Dortmund Poland Lukasz Piszczek
43%
81 Bayer Leverkusen Germany Sven Bender
43%
78 Borussia Monchengladbach Switzerland Nico Elvedi
42%
79 Borussia Dortmund France Dan-Axel Zagadou
41%
80 Bayer Leverkusen Germany Kerem Demirbay
41%
78 Borussia Dortmund Switzerland Marwin Hitz
41%
79 Borussia Monchengladbach Algeria Ramy Bensebaini
41%
78 Hertha BSC Brazil Matheus Cunha
38%
80 TSG Hoffenheim Czech Republic Pavel Kaderabek
38%
82 Bayer Leverkusen Germany Karim Bellarabi
36%
80 Eintracht Frankfurt Austria Martin Hinteregger
36%
79 VFL Wolfsburg Germany Maximilian Arnold
36%
79 TSG Hoffenheim Israel Munas Dabbur
36%
80 Borussia Dortmund Germany Nico Schulz
34%
78 FC Schalke 04 Bosnia-Herzegovina Sead Kolasinac
34%
79 Borussia Monchengladbach Germany Florian Neuhaus
31%
80 VFL Wolfsburg France Jerome Roussillon
29%
79 VFL Wolfsburg Switzerland Kevin Mbabu
28%
79 FC Schalke 04 Spain Omar Mascarell
28%
78 Borussia Monchengladbach Germany Christoph Kramer
24%
78 Hertha BSC Colombia Jhon Cordoba
23%
81 Bayer Leverkusen Colombia Santiago Arias
22%
78 VFL Wolfsburg France Josuha Guilavogui
21%
78 FC Schalke 04 Germany Suat Serdar
19%
78 SC Freiburg Germany Christian Gunter
18%
79 SC Freiburg France Baptiste Santamaria
17%
79 Borussia Monchengladbach Austria Valentino Lazaro
13%
79 Hertha BSC Germany Alexander Schwolow
11%
No matching quizzes found
Score Distribution
Percent of People with Each Score
Percentile by Number Answered
Your Score History
You have not taken this quiz